Z-1 ÖMERİN ÇOCUKLUĞU (Record no. 588717)

MARC details
000 -LEADER
sabit uzunluktaki kontrol alanı 00272nam a2200109Ia 4500
001 - KONTROL NUMARASI
kontrol alanı 588717
005 - EN SON İŞLEMİN TARİH VE ZAMANI
kontrol alanı 20250717120836.0
008 - SABİT-UZUNLUKTA VERİ ÖĞELERİ--GENEL BİLGİ
sabit uzunluktaki kontrol alanı 250717s9999 xx 000 0 und d
245 #0 - ESER / YAZAR
ESER ADI Z-1 ÖMERİN ÇOCUKLUĞU
Yazar Adı MUALLİM NACİ
260 ## - YAYIN, DAĞITIM, VB.
YAYIN EVİ ERDEM YAYINLARI
Yayın, dağıtım tarihi, vb. 2020
300 ## - FİZİKSEL AÇIKLAMA
Diğer fiziksel ayrıntılar 94

No items available.